Ευρωπαϊκή Ένωση : δίκαιο, οικονομία, πολιτική
Αποθηκεύτηκε σε:
| Κύριος συγγραφέας: | |
|---|---|
| Άλλοι συγγραφείς: | |
| Μορφή: | Βιβλίο |
| Γλώσσα: | Greek |
| Δημοσίευση: |
Αθήνα :
Παπαζήσης,
2005.
|
| Έκδοση: | 11η έκδ., αναθ. |
| Θέματα: | |
| Ετικέτες: |
Προσθήκη ετικέτας
Δεν υπάρχουν, Καταχωρήστε ετικέτα πρώτοι!
|
MARC
| LEADER | 00000cam a2200000 a 4500 | ||
|---|---|---|---|
| 001 | 1/123265 | ||
| 008 | 210624s2005####gr | ||| |||| ||gre|| | ||
| 020 | |a 9600216487 | ||
| 040 | |a GR-MyUa |b gre |c GR-MyUa |e AACR2 | ||
| 041 | 0 | |a gre | |
| 082 | 7 | |a 341.2422 |2 (23) | |
| 100 | 1 | |a Μούσης, Νίκος Σ. | |
| 245 | 1 | 0 | |a Ευρωπαϊκή Ένωση : |b δίκαιο, οικονομία, πολιτική / |c Νίκος Σ. Μούσης ; πρόλογος: Νικηφόρος Διαμαντούρος. |
| 250 | |a 11η έκδ., αναθ. | ||
| 260 | |a Αθήνα : |b Παπαζήσης, |c 2005. | ||
| 300 | |a 584 σ. ; |c 24 εκ. | ||
| 504 | |a Περιλαμβάνει βιβλιογραφικές παραπομπές και ευρετήριο. | ||
| 650 | 0 | |a Law |z European Union countries. | |
| 651 | 0 | |a European Union countries |x Economic policy. | |
| 651 | 0 | |a Europe |x Politics and government. | |
| 700 | 1 | |a Διαμαντούρος, Νικηφόρος, |e aui | |
| 852 | |a INST |b RHODES |e 20210624 |h 341.2422 ΜΟΥ |p 005400042171 |q 005400042171 |t BK |y 0 | ||
| 920 | |a Δωρεά Βιβλιοθήκης |y Ρόδος |z 2021-06 | ||
| 970 | |z 24-06-2021 | ||